Chansons de Pomme - Statistiques

Statistiques générales
  • Ce quiz a été pris 9 fois
  • Le résultat moyen est 26 sur 48
Statistiques - réponses
Album # Chanson % Correct
À peu près 1 À peu près
100%
Les Failles 1 anxiété
86%
Les Failles 3 grandiose
86%
Les Failles 2 je sais pas danser
86%
Les Failles 7 la lumière
86%
À peu près 12 On brûlera
86%
À peu près 6 Adieu mon homme
71%
Consolation 12 B.
71%
À peu près 3 Ce garçon est une ville
71%
Consolation 2 jardin
71%
Les Failles 4 les Séquoias
71%
À peu près 10 Pauline
71%
Les Failles 9 saphir
71%
Consolation 1 22:51
57%
Consolation 11 allô
57%
Saisons 6 _aug perseides
57%
Consolation 7 bleu
57%
Les Failles 11 chapelle
57%
Saisons 5 _jul perseides
57%
Saisons 4 _jun perseides
57%
Consolation 4 la rivière
57%
Les Failles 5 les oiseaux
57%
Consolation 5 Nelly
57%
Consolation 9 puppy
57%
Consolation 6 septembre
57%
Les Failles 8 soleil, soleil
57%
Les Failles 10 une minute
57%
Consolation 8 when I c u
57%
Saisons 2 _apr le temps des fleurs
43%
Saisons 10 _dec carte de noël
43%
Saisons 12 _feb carte de noël
43%
Saisons 11 _jan carte de noël
43%
Saisons 1 _mar le temps des fleurs
43%
Saisons 3 _may le temps des fleurs
43%
À peu près 2 Même robe qu'hier
43%
Saisons 9 _nov magie mauve
43%
Saisons 8 _oct magie mauve
43%
Les Failles 6 pourquoi la mort te fait peur ?
43%
Saisons 7 _sept magie mauve
43%
Consolation 10 tombeau
43%
À peu près 9 A Lonely One
29%
À peu près 11 Ceux qui rêvent
29%
Consolation 3 dans mes rêves
29%
À peu près 5 La Gare
29%
À peu près 7 La Lavande
29%
À peu près 4 Comme si j'y croyais
14%
À peu près 8 De là-haut
14%
À peu près 13 De quoi te plaire
14%
Aucun quiz correspondant
Distribution des résultats
% des personnes avec chaque résultat
Percentile par nombre de réponses
Votre historique - résultats
Vous n’avez pas pris ce quiz